Statistics for Largest Countries by Continent

Click here to take the quiz!

General Stats

  • This quiz has been taken 610 times
  • The average score is 6 of 6

Answer Stats

ContinentCountry% Correct
South AmericaBrazil
100%
North AmericaCanada
100%
EuropeRussia
100%
AustraliaAustralia
99%
AsiaChina
99%
AfricaAlgeria
93%

Score Distribution

Percentile by Number Answered

Percent of People with Each Score

Your Score History

You have not taken this quiz